Language Quiz

Random Language or Letter Quiz
Score 0/16 Timer 03:00
0 Plays Today
Word Without TIME Word % Correct
Y _ _ _ NYemen
96%
_ H Y _ _Thyme
96%
_ X A _ _ N A _ _ O NExamination
94.5%
C O _ P L _ _ _Complete
94.3%
S U _ _ _ _Summit
94%
_ _ S _ R YMisery
92.6%
D _ _ _ G O DDemigod
91.7%
A D _ _ _Admit
91.7%
Word Without TIME Word % Correct
A L C H _ _ _ S _Alchemist
91.1%
F _ R _ _ N _ A _ _ O NFermentation
89%
_ _ D _ C A _ _Medicate
87.5%
_ _ S _ _ RMister
83.6%
_ X _ R _ _ _Extreme
78.8%
_ _ R _ _Merit
60.8%
_ _ _ _ A _ _Imitate
55.5%
R O _ N _ G _ N _ U _Roentgenium
33.6%
Remove Ads.
Support Sporcle.
Get the best of Sporcle when you Go Orange. This ad-free experience offers more features, more stats, and more fun while also helping to support Sporcle. Thank you for becoming a member.

You're not logged in!

Compare scores with friends on all Sporcle quizzes.
OR
Log In

Show Comments

Extras

Top Quizzes Today


Score Distribution

Your Account Isn't Verified!

In order to create a playlist on Sporcle, you need to verify the email address you used during registration. Go to your Sporcle Settings to finish the process.

Report this User

Report this user for behavior that violates our Community Guidelines.

Details: